[Event "Solingen-ch"]
[Site "Solingen"]
[Date "2016.09.16"]
[Round "2"]
[White "Lux, Andreas"]
[Black "Vranidis, Athanassios"]
[Result "1-0"]
[WhiteElo "1857"]
[BlackElo "1946"]
[PlyCount "71"]
[EventDate "2016.09.07"]
[EventType "swiss"]
[EventRounds "7"]
[EventCountry "GER"]
[SourceTitle "EXT 2018"]
[Source "ChessBase"]
[SourceDate "2017.10.13"]
[SourceVersion "1"]
[SourceVersionDate "2017.10.13"]
[SourceQuality "1"]

1. d4 Nf6 2. Nf3 e6 3. e3 d5 4. Bd3 c5 5. c3 Nc6 6. Nbd2 Bd6 7. 0-0 0-0 8. Qe2 e5 9. dxe5 Nxe5 10. Nxe5 Bxe5 11. e4 Re8 12. f4 Bc7 13. e5 g6 14. h3 c4 15. Bc2 Nh5 16. Qe1 Ng7 17. Nf3 Bf5 18. Ba4 Bd7 19. Bxd7 Qxd7 20. Be3 Nf5 21. Bf2 Nd6 22. Bd4 Ne4 23. Qh4 Qe7 24. Qxe7 Rxe7 25. Rad1 b6 26. Nd2 Ng3 27. Rf2 Ree8 28. Kh2 Nf5 29. Nf3 Rad8 30. Rfd2 Rd7 31. Bf2 Red8 32. g4 Ne7 33. Bh4 Kf8 34. Nd4 h6 35. Bxe7+ Rxe7 36. Nc6 1-0

[Event "Frankfurt-ch"]
[Site "Frankfurt"]
[Date "2005.06.13"]
[Round "7"]
[White "Lux, Andreas"]
[Black "Rosselli, Martin"]
[Result "1/2-1/2"]
[WhiteElo "1801"]
[BlackElo "1933"]
[PlyCount "59"]
[EventDate "2005.04.25"]
[EventType "swiss"]
[EventRounds "7"]
[EventCountry "GER"]
[SourceTitle "EXT 2006"]
[Source "ChessBase"]
[SourceDate "2005.11.24"]
[SourceVersion "1"]
[SourceVersionDate "2005.11.24"]
[SourceQuality "1"]

1. d4 f5 2. c4 Nf6 3. Nc3 e6 4. Bg5 Be7 5. e3 d6 6. g3 0-0 7. Bg2 c6 8. Nge2 Qc7 9. 0-0 Nbd7 10. Nf4 Nb6 11. Qb3 d5 12. cxd5 exd5 13. Nd3 Be6 14. Rfc1 Qd8 15. Ne2 Ne4 16. Bxe7 Qxe7 17. Ne5 Nd2 18. Qd3 Ndc4 19. Nxc4 Nxc4 20. b3 Nd6 21. Qd1 Rae8 22. Nf4 g5 23. Nd3 Kg7 24. f4 h6 25. Ne5 Nf7 26. Rc2 Nxe5 27. dxe5 Rc8 28. Rac1 g4 29. Qd4 a6 30. b4 1/2-1/2

[Event "Frankfurt-ch"]
[Site "Frankfurt"]
[Date "2005.06.06"]
[Round "6"]
[White "Syed, Tareq"]
[Black "Lux, Andreas"]
[Result "0-1"]
[WhiteElo "1944"]
[BlackElo "1801"]
[PlyCount "88"]
[EventDate "2005.04.25"]
[EventType "swiss"]
[EventRounds "7"]
[EventCountry "GER"]
[SourceTitle "EXT 2006"]
[Source "ChessBase"]
[SourceDate "2005.11.24"]
[SourceVersion "1"]
[SourceVersionDate "2005.11.24"]
[SourceQuality "1"]

1. b3 d5 2. Bb2 Bf5 3. e3 e6 4. Nf3 h6 5. d3 Nf6 6. Nbd2 Be7 7. Qe2 0-0 8. e4 Bh7 9. Ne5 c5 10. 0-0-0 Qa5 11. Kb1 Na6 12. h4 Rac8 13. g4 c4 14. dxc4 Nxe4 15. Nxe4 Bxe4 16. f3 Bh7 17. Qd2 Qxd2 18. Rxd2 Rfd8 19. cxd5 Nb4 20. Bd3 Nxd3 21. Nxd3 Rxd5 22. g5 Bxd3 23. cxd3 h5 24. f4 Bb4 25. Rc2 Rxc2 26. Kxc2 a6 27. Rd1 Bd6 28. Rf1 Rf5 29. Bc1 e5 30. g6 exf4 31. gxf7+ Kxf7 32. d4 f3 33. Kd3 Bg3 34. Bg5 f2 35. Ke4 g6 36. a4 Ke6 37. Ke3 Kd5 38. Bd8 Rf8 39. Bg5 Re8+ 40. Kf3 Re1 41. Kg2 Kxd4 42. b4 Kd3 43. Rxf2 Bxf2 44. Kxf2 Re4 0-1

[Event "Frankfurt-ch"]
[Site "Frankfurt"]
[Date "2005.05.09"]
[Round "3"]
[White "Lux, Andreas"]
[Black "Reuter, Klaus"]
[Result "1-0"]
[WhiteElo "1801"]
[BlackElo "1443"]
[PlyCount "65"]
[EventDate "2005.04.25"]
[EventType "swiss"]
[EventRounds "7"]
[EventCountry "GER"]
[SourceTitle "EXT 2006"]
[Source "ChessBase"]
[SourceDate "2005.11.24"]
[SourceVersion "1"]
[SourceVersionDate "2005.11.24"]
[SourceQuality "1"]

1. d4 Nf6 2. Bg5 Ne4 3. Bf4 d5 4. Nd2 Nd6 5. e3 c6 6. Bd3 e6 7. Ngf3 Be7 8. Ne5 Nd7 9. Ndf3 Nf6 10. g4 Nfe4 11. g5 Qa5+ 12. c3 g6 13. Qc2 Qd8 14. h4 f6 15. gxf6 Bxf6 16. 0-0-0 a5 17. Rdg1 a4 18. Ng4 Bg7 19. Nfe5 a3 20. b4 Nb5 21. Bxe4 dxe4 22. c4 Nc7 23. Qxe4 Qe7 24. c5 Nd5 25. Bg5 Qc7 26. h5 Nxb4 27. Qb1 Nd5 28. hxg6 Nc3 29. Qc2 Qa5 30. gxh7 Nxa2+ 31. Qxa2 Qc3+ 32. Qc2 Qb4 33. Qg6+ 1-0